1542 1950 1445 1978 1174 1471 1507 1568 1430 1012 1335 1186 1403 1543 1156 1670 1381 1313 1826 1162 1612 1445 1670 1154 1288 1239 1040 1381 1240 1688 1988 1094 1976 1194 1698 1801 1990 1427 1259 1760 1749 1170 1426 1233 1475 1061 1278 1831 1564 1054 1381 1571 1101 1030 1580 1908 1791 1117 1629 1882 1271 1566 1099 1804 1422 1925 1714 1174 1494 1176 1996 1401 1162 1002 1869 1896 1828 1691 1858 1591 1352 1082 1010 1883 1461 1578 1144 1242 1497 1098 1128 1506 1454 1884 1691 1590 1990 1110 1929 BCNSPRNW ULIB Ver.6.0+V

เปลี่ยนเป็นภาษาไทย

Change to English
 แสดงรายละเอียดบรรณานุกรม
  กลับหน้าหลัก

Brief Record : Get Marc (ISO 2709) : E-mail record : QR code < ปิดหน้าต่าง
LEADER : 00000nam 2200000uu 4500
001    13399113081
003     ULIB
008    110627s2549||||th 000 0 tha d
020    9789749479416
090    นว.^bม627ง 2549
100 0  มุตตา
245 00 เงาจันทรา/^cมุตตา
250    พิมพ์ครั้งที่ 1
260    กรุงเทพฯ :^bบลูเบลล์,^c2549
300    378 หน้า
710 1  บลูเบลล์
945    ^p245^l0^i019590
995    ทศพร
999 ^a ใช้งานได้ทุกระบบ
รายการนี้ยังไม่มีแท็ก
คุณยังไม่ได้ล็อกอิน คุณสามารถมีกิจกรรมร่วมกับเว็บไซต์ได้ แต่ต้องล็อกอินก่อน ::
  ล็อกอิน

รายการสื่อสารสนเทศ

ลำดับที่ ประเภท เลขเรียก/บาร์โค้ด สถานที่ สถานะ
- ไม่พบข้อมูล -

รายการใกล้เคียง
    ผู้แต่ง [มุตตา]

BibComment


ยังไม่เคยถูกคอมเมนท์

คอมเมนท์ทรัพยากรรายการนี้
  คอมเมนท์: เงาจันทรา มุตตา


 Copyright 2026. Bcnsprnw @Library